| 000 | 00456cam a2200181ua 4500 | ||
|---|---|---|---|
| 020 | _c10.00 | ||
| 041 |
_aeng _h |
||
| 082 |
_a621.3 _bREE/NE |
||
| 100 | _aReeves , E A . | ||
| 245 |
_aNewness electical pocket book / _cE A Reeves. _hTextual Documents |
||
| 250 |
_a15 / _b. |
||
| 260 |
_aMumbai : _bD B Taraporevala sons & Co. Pvt. Ltd. , _c1960. |
||
| 300 | _a392 ; . | ||
| 365 | _a10.00 | ||
| 504 | _a | ||
| 942 | _cBK | ||
| 999 |
_c6206 _d6206 |
||